Outsourcing IT

Z obsahu: Mladý trh začína pomaly napínať svaly. Partnerský vzťah ohrozuje viacero rizík. Úradníci sa obávajú úniku dôverných informácií. Outsourcing telekomunikačných služieb je v plienkach.

Guardado en:
Detalles Bibliográficos
Autor principal: Valášek, Martin
Otros Autores: Cveček, Daniel
Formato: Capítulo de libro
Lenguaje:eslovaco
Materias:
Etiquetas: Agregar Etiqueta
Sin Etiquetas, Sea el primero en etiquetar este registro!

MARC

LEADER 00000naa a2200000 4500
001 r048190
005 20230921114634.7
041 0 |a slo 
044 |a SK 
245 1 0 |a Outsourcing IT  |c Martin Valášek, Daniel Cveček 
520 |a Z obsahu: Mladý trh začína pomaly napínať svaly. Partnerský vzťah ohrozuje viacero rizík. Úradníci sa obávajú úniku dôverných informácií. Outsourcing telekomunikačných služieb je v plienkach. 
610 2 0 |a outsourcing 
610 2 0 |a technológie informačné 
610 2 0 |a riziko 
610 2 0 |a informácie 
610 2 0 |a služby 
610 2 0 |a telekomunikácie 
100 1 |a Valášek, Martin 
700 1 |a Cveček, Daniel